| 000 | 00000nam 2200000zi 4500 |
| 001 | 9.937687 |
| 003 | CaOODSP |
| 005 | 20251105103819 |
| 006 | m o d f |
| 007 | cr cn||||||||| |
| 008 | 240502e202406 oncab ob f000 0 eng d |
| 020 | |a9780660717302 |
| 040 | |aCaOODSP|beng|erda|cCaOODSP |
| 043 | |an-cn--- |
| 086 | 1 |aFs70-6/2024-035E-PDF |
| 245 | 00|aAssessment of the south and east Hudson Bay Atlantic walrus (Odobenus rosmarus rosmarus) stock in 2022. |
| 264 | 1|aOttawa : |bCanadian Science Advisory Secretariat, |cJune 2024. |
| 264 | 4|c©2024 |
| 300 | |a1 online resource (7 pages) : |billustrations, maps. |
| 336 | |atext|btxt|2rdacontent |
| 337 | |acomputer|bc|2rdamedia |
| 338 | |aonline resource|bcr|2rdacarrier |
| 490 | 1 |aScience advisory report, |x1919-5087 ; |v2024/035 |
| 500 | |aCaption title. |
| 500 | |aIssued also in French under title: Évaluation du stock de morses de l'atlantique (Odobenus rosmarus rosmarus) du sud et de l'est de la baie d'Hudson en 2022. |
| 504 | |aIncludes bibliographical references (page 6). |
| 650 | 0|aWalrus|zHudson Bay. |
| 650 | 0|aWalrus|zHudson Strait (Québec and Nunavut) |
| 650 | 0|aWalrus|zDavis Strait. |
| 650 | 0|aMarine mammal populations|xEstimates|zHudson Bay. |
| 650 | 0|aMarine mammal populations|xEstimates|zHudson Strait (Québec and Nunavut) |
| 650 | 0|aMarine mammal populations|xEstimates|zDavis Strait. |
| 710 | 2 |aCanadian Science Advisory Secretariat, |eissuing body. |
| 710 | 1 |aCanada. |bDepartment of Fisheries and Oceans, |eissuing body. |
| 775 | 08|tÉvaluation du stock de morses de l'atlantique (Odobenus rosmarus rosmarus) du sud et de l'est de la baie d'Hudson en 2022. |w(CaOODSP)9.937688 |
| 775 | 08|t[Assessment of the south and east Hudson Bay Atlantic walrus (Odobenus rosmarus rosmarus rosmarus) stock in 2022].|w(CaOODSP)9.957106 |
| 830 | #0|aScience advisory report (Canadian Science Advisory Secretariat)|x1919-5087 ; |v2024/035.|w(CaOODSP)9.506226 |
| 856 | 40|qPDF|s892 KB|uhttps://publications.gc.ca/collections/collection_2024/mpo-dfo/fs70-6/Fs70-6-2024-035-eng.pdf |